[Event "St. Louis Rapid & Blitz (Blitz)"]
[Site "St Louis, MO USA"]
[Date "2018.08.14"]
[EventDate "2018.08.14"]
[Round "2.3"]
[Result "1/2-1/2"]
[White "Maxime Vachier-Lagrave"]
[Black "Alexander Grischuk"]
[WhiteElo "2779"]
[BlackElo "2766"]
[PlyCount "58"]

1. e4 e5 2. Nf3 Nc6 3. Bb5 Nf6 4. O-O Nxe4 5. d4 Nd6 6. Bxc6
dxc6 7. dxe5 Nf5 8. Qxd8+ Kxd8 9. h3 Be7 10. Nc3 Nh4 11. Nxh4
Bxh4 12. Be3 Bd7 13. Rad1 Kc8 14. Rd2 b6 15. Rfd1 Rd8 16. Ne2
c5 17. Nf4 Bc6 18. e6 fxe6 19. Nxe6 Rxd2 20. Rxd2 Bf6 21. Bf4
Kb7 22. Bg5 Re8 23. Bxf6 Rxe6 24. Bxg7 Rg6 25. Be5 Rxg2+
26. Kf1 Rg5 27. Bg3 Rd5 28. Ke2 Rxd2+ 29. Kxd2 Be4 1/2-1/2

[Event "St. Louis Rapid & Blitz (Blitz)"]
[Site "St Louis, MO USA"]
[Date "2018.08.14"]
[EventDate "2018.08.14"]
[Round "3.4"]
[Result "0-1"]
[White "Leinier Dominguez Perez"]
[Black "Maxime Vachier-Lagrave"]
[WhiteElo "2739"]
[BlackElo "2779"]
[PlyCount "69"]

1. Nf3 c5 2. c4 Nf6 3. Nc3 d5 4. cxd5 Nxd5 5. e4 Nb4 6. Bc4
Nd3+ 7. Ke2 Nf4+ 8. Kf1 Ne6 9. h4 Nd4 10. Nb5 Be6 11. d3 Nbc6
12. Nbxd4 Bxc4 13. dxc4 cxd4 14. Bf4 e6 15. Rh3 Bc5 16. a3 a5
17. e5 O-O 18. Ng5 Be7 19. Qh5 h6 20. Ne4 f5 21. exf6 Bxf6
22. Rg3 Ne7 23. Nxf6+ Rxf6 24. Be5 Nf5 25. Rf3 Rf7 26. Rd1 Qe7
27. Qg4 Rc8 28. b3 a4 29. Kg1 axb3 30. Rxb3 Rxc4 31. g3 Qc5
32. Qe4 Rd7 33. Rbd3 Qd5 34. Qf4 Rf7 35. Bxd4 0-1

[Event "St. Louis Rapid & Blitz (Blitz)"]
[Site "St Louis, MO USA"]
[Date "2018.08.14"]
[EventDate "2018.08.14"]
[Round "4.2"]
[Result "1/2-1/2"]
[White "Maxime Vachier-Lagrave"]
[Black "Levon Aronian"]
[WhiteElo "2779"]
[BlackElo "2767"]
[PlyCount "74"]

1. e4 e5 2. Nf3 Nc6 3. Bb5 Nf6 4. O-O Nxe4 5. d4 Nd6 6. Bxc6
dxc6 7. dxe5 Nf5 8. Qxd8+ Kxd8 9. h3 Be7 10. Nc3 Nh4 11. Nxh4
Bxh4 12. Be3 h5 13. Rad1+ Ke8 14. Ne2 Be7 15. Rd2 h4 16. Rfd1
Rh5 17. Bf4 a6 18. Bh2 Rh6 19. a3 Be6 20. Nd4 c5 21. Nxe6 Rxe6
22. a4 c4 23. Rd4 b5 24. Kf1 f5 25. exf6 Bxf6 26. Rd7 bxa4
27. Rxc7 Bxb2 28. Rxc4 a3 29. Ra4 Rc8 30. Rd6 Rc6 31. Rxe6+
Rxe6 32. Bf4 Kd7 33. Be3 Rc6 34. c4 Rxc4 35. Rxc4 a2 36. Ra4
a1=Q+ 37. Rxa1 Bxa1 1/2-1/2

[Event "St. Louis Rapid & Blitz (Blitz)"]
[Site "St Louis, MO USA"]
[Date "2018.08.14"]
[EventDate "2018.08.14"]
[Round "6.1"]
[Result "0-1"]
[White "Fabiano Caruana"]
[Black "Maxime Vachier-Lagrave"]
[WhiteElo "2822"]
[BlackElo "2779"]
[PlyCount "172"]

1. d4 Nf6 2. Nf3 g6 3. Bf4 Bg7 4. e3 d6 5. h3 O-O 6. Be2 c5
7. Nbd2 cxd4 8. exd4 Nc6 9. c3 Re8 10. Nc4 Nd5 11. Bh2 b5
12. Ncd2 Rb8 13. O-O a6 14. Re1 h6 15. Bf1 Bf5 16. Ne4 Na5
17. a4 Nc4 18. axb5 axb5 19. Qb3 Qc7 20. Ned2 Rec8 21. Ra6 Rb7
22. Rea1 Be6 23. Qc2 Nxd2 24. Qxd2 Nf6 25. R1a5 Bc4 26. Bxc4
Qxc4 27. Ra7 Rxa7 28. Rxa7 Nd5 29. Bg3 b4 30. cxb4 Qc1+
31. Qxc1 Rxc1+ 32. Kh2 Rc2 33. Ra5 Nxb4 34. Rb5 Rxb2 35. Rb7
Bf6 36. Bf4 Kg7 37. Bc1 Rc2 38. Bxh6+ Kxh6 39. Rxb4 Rxf2
40. Kg1 Ra2 41. g4 Bg5 42. Rb3 Bf4 43. Rb7 Re2 44. Kf1 Re4
45. Rb3 Kg7 46. Kf2 d5 47. Rd3 Re6 48. Ng1 Ra6 49. Ne2 Bd6
50. Kf3 g5 51. Rb3 e6 52. Rd3 Kg6 53. Rb3 Ra1 54. Rd3 Ra3
55. Rxa3 Bxa3 56. Ke3 Bd6 57. Ng1 f5 58. Nf3 Kf6 59. Kd3 Bf4
60. Kc3 Ke7 61. Kd3 Kd6 62. Kc3 Kc6 63. Ng1 Kb5 64. Kb3 Be3
65. Nf3 Bf4 66. Ng1 Bd2 67. Nf3 Be3 68. Kc3 Ka4 69. Kd3 Bf4
70. Kc3 Ka3 71. Ng1 Bc7 72. Nf3 Bd8 73. Ng1 Ba5+ 74. Kc2 Kb4
75. Kd3 Kb3 76. Nf3 Bd8 77. Ne5 f4 78. Nf3 Kb2 79. Kd2 Bf6
80. Kd3 Kc1 81. Kc3 Kd1 82. Kd3 Bd8 83. h4 gxh4 84. g5 h3
85. g6 Bf6 86. Nh2 Ke1 0-1

[Event "St. Louis Rapid & Blitz (Blitz)"]
[Site "St Louis, MO USA"]
[Date "2018.08.14"]
[EventDate "2018.08.14"]
[Round "7.5"]
[Result "1-0"]
[White "Maxime Vachier-Lagrave"]
[Black "Sergey Karjakin"]
[WhiteElo "2779"]
[BlackElo "2773"]
[PlyCount "97"]

1. e4 e5 2. Nf3 Nc6 3. Bc4 Bc5 4. c3 Nf6 5. d3 d6 6. O-O a6
7. a4 h6 8. Re1 O-O 9. h3 a5 10. Nbd2 Be6 11. Bb5 Na7 12. d4
Nxb5 13. dxc5 Na7 14. b3 Re8 15. cxd6 Qxd6 16. Ba3 c5 17. Qe2
b6 18. Nc4 Bxc4 19. Qxc4 Rad8 20. Re3 Nc6 21. Rae1 Rd7 22. Bc1
Red8 23. g3 Ne7 24. Nd2 Nc8 25. Qf1 Qe6 26. Nc4 Ne8 27. f4
exf4 28. gxf4 Ned6 29. f5 Qe7 30. Rg3 Nxc4 31. f6 Qe5
32. Rxg7+ Kh8 33. bxc4 Rd3 34. Qf4 Qh5 35. Qxh6+ Qxh6 36. Bxh6
Rxh3 37. Bf4 Rh7 38. Rg5 Rh4 39. Bg3 Rh7 40. e5 Na7 41. e6
fxe6 42. Rxe6 Nc8 43. Be5 Rf7 44. Re7 Rdf8 45. Kg2 Kh7
46. Rg7+ Rxg7+ 47. Rxg7+ Kh6 48. Kg3 Re8 49. Kf4 1-0

[Event "St. Louis Rapid & Blitz (Blitz)"]
[Site "St Louis, MO USA"]
[Date "2018.08.14"]
[EventDate "2018.08.14"]
[Round "8.2"]
[Result "1/2-1/2"]
[White "Wesley So"]
[Black "Maxime Vachier-Lagrave"]
[WhiteElo "2780"]
[BlackElo "2779"]
[PlyCount "93"]

1. c4 c5 2. Nf3 Nf6 3. d4 cxd4 4. Nxd4 e6 5. Nc3 Nc6 6. a3 Be7
7. e4 O-O 8. Nf3 Qa5 9. Bd2 Qh5 10. Be2 d5 11. exd5 exd5
12. cxd5 Nxd5 13. Nd4 Qe5 14. Nxc6 bxc6 15. O-O Rb8 16. Nxd5
cxd5 17. Bc3 Qg5 18. Qd4 Rb6 19. Bf3 Be6 20. Qa4 Rb7 21. Rad1
Bf6 22. h4 Qf5 23. Bxf6 Qxf6 24. Bxd5 Bxd5 25. Rxd5 Qxb2
26. Rfd1 h6 27. g3 Qf6 28. Rd7 Rxd7 29. Rxd7 a6 30. Qd4 Qxd4
31. Rxd4 Re8 32. Rd6 a5 33. Rd5 a4 34. Rd4 Ra8 35. Kf1 g6
36. Ke2 Kg7 37. Kd3 Kf6 38. Kc3 Ke5 39. Rf4 f5 40. Kb4 g5
41. hxg5 hxg5 42. Rc4 Kd5 43. Rc3 Kd4 44. Rf3 Ke4 45. Re3+ Kd4
46. Rf3 Ke4 47. Re3+ 1/2-1/2

[Event "St. Louis Rapid & Blitz (Blitz)"]
[Site "St Louis, MO USA"]
[Date "2018.08.15"]
[EventDate "2018.08.14"]
[Round "10.3"]
[Result "1/2-1/2"]
[White "Maxime Vachier-Lagrave"]
[Black "Viswanathan Anand"]
[WhiteElo "2779"]
[BlackElo "2768"]
[PlyCount "54"]

1. e4 e5 2. Nf3 Nf6 3. Nxe5 d6 4. Nf3 Nxe4 5. d4 d5 6. Bd3 Bf5
7. O-O Be7 8. Re1 O-O 9. Nbd2 Nd6 10. Nf1 Bxd3 11. Qxd3 c6
12. Ng3 Na6 13. Nf5 Nxf5 14. Qxf5 Nc7 15. c3 Ne6 16. Ne5 Bd6
17. Bd2 Qc7 18. Re3 Rae8 19. Rae1 g6 20. Qg4 Ng7 21. Qh3 f6
22. Ng4 Rxe3 23. Bxe3 h5 24. Nh6+ Kh7 25. Ng4 Kg8 26. Nh6+ Kh7
27. Ng4 Kg8 1/2-1/2

[Event "St. Louis Rapid & Blitz (Blitz)"]
[Site "St Louis, MO USA"]
[Date "2018.08.15"]
[EventDate "2018.08.14"]
[Round "11.3"]
[Result "0-1"]
[White "Alexander Grischuk"]
[Black "Maxime Vachier-Lagrave"]
[WhiteElo "2766"]
[BlackElo "2779"]
[PlyCount "144"]

1. e4 c5 2. Nf3 d6 3. d4 cxd4 4. Nxd4 Nf6 5. Nc3 a6 6. Be2 e5
7. Nf3 Be7 8. Bg5 Nbd7 9. a4 h6 10. Be3 Ng4 11. Bc1 Ngf6
12. O-O Nc5 13. Nd2 Be6 14. b3 O-O 15. Bb2 Qc7 16. Bf3 Rfd8
17. Re1 Rac8 18. a5 Qc6 19. Qe2 Ncd7 20. Red1 Nf8 21. Nf1 Ng6
22. g3 Rc7 23. Ne3 Rdc8 24. Ncd5 Bxd5 25. exd5 Qd7 26. c4 Rb8
27. b4 b6 28. Bc3 b5 29. Rac1 Rbc8 30. Bd2 e4 31. Bg2 bxc4
32. Nxc4 Qb5 33. Bf1 Nxd5 34. Qxe4 Nf6 35. Qg2 Qh5 36. Ne3
Rxc1 37. Rxc1 Rxc1 38. Bxc1 d5 39. Bxa6 Bxb4 40. Qf1 Bxa5
41. Be2 Qe5 42. Bf3 Bb6 43. Kg2 Ne7 44. Qd3 Qe6 45. Bd2 Bxe3
46. Bxe3 Nc6 47. Qa6 Ne5 48. Qxe6 fxe6 49. Be2 Kf7 50. f4 Nc6
51. Bb5 Ne7 52. Kf3 Nf5 53. Bf2 Ne4 54. Bg1 g5 55. Bd3 Ned6
56. Bc5 gxf4 57. gxf4 Kf6 58. Ba3 h5 59. Bb2+ Kg6 60. Be5 Nf7
61. Bb2 Nd8 62. Bb1 Nc6 63. Bd3 Na5 64. Ba1 Nc4 65. Bc3 Kf7
66. Ba1 Nd2+ 67. Ke2 Nb3 68. Be5 Nc1+ 69. Kd2 Nxd3 70. Kxd3
Kg6 71. Ke2 Nh6 72. Kf3 Ng4 0-1

[Event "St. Louis Rapid & Blitz (Blitz)"]
[Site "St Louis, MO USA"]
[Date "2018.08.15"]
[EventDate "2018.08.14"]
[Round "12.4"]
[Result "1-0"]
[White "Maxime Vachier-Lagrave"]
[Black "Leinier Dominguez Perez"]
[WhiteElo "2779"]
[BlackElo "2739"]
[PlyCount "114"]

1. e4 e5 2. Nf3 Nc6 3. Bb5 Nf6 4. O-O Nxe4 5. d4 Nd6 6. Bxc6
dxc6 7. dxe5 Nf5 8. Qxd8+ Kxd8 9. h3 h6 10. Rd1+ Ke8 11. Nc3
Ne7 12. b3 Ng6 13. Bb2 Nf4 14. Rd2 Be7 15. Rad1 Ne6 16. Ne2 c5
17. Nc3 b6 18. Nd5 Bb7 19. c4 h5 20. h4 Rd8 21. Bc1 Bc6
22. Rd3 Rd7 23. Bg5 Bxg5 24. Nxg5 Nd4 25. Nf4 Rh6 26. Re1 Ke7
27. f3 a5 28. a4 Rd8 29. e6 fxe6 30. Nfxe6 Nxe6 31. Rxd8 Kxd8
32. Nxe6+ Kd7 33. Nxg7 Rg6 34. Nxh5 Bxf3 35. Nf4 Rg4 36. g3
Rg8 37. Kf2 Bg4 38. h5 Bf5 39. Nd5 Kd6 40. Rd1 Ke5 41. Nf4 Bc2
42. Re1+ Kf5 43. Re3 Rd8 44. Nd5 Kg5 45. Re5+ Kh6 46. g4 Bxb3
47. Nf4 Rg8 48. Kg3 Bd1 49. Re6+ Kh7 50. Ng6 Bxa4 51. Kf4 Bc2
52. Ne5 Rf8+ 53. Kg5 Rg8+ 54. Kh4 a4 55. g5 a3 56. g6+ Kg7
57. Kg5 Kh8 1-0

[Event "St. Louis Rapid & Blitz (Blitz)"]
[Site "St Louis, MO USA"]
[Date "2018.08.15"]
[EventDate "2018.08.14"]
[Round "13.2"]
[Result "1-0"]
[White "Levon Aronian"]
[Black "Maxime Vachier-Lagrave"]
[WhiteElo "2767"]
[BlackElo "2779"]
[PlyCount "67"]

1. e4 c5 2. Nf3 d6 3. d4 cxd4 4. Nxd4 Nf6 5. Nc3 a6 6. Be3 Ng4
7. Bc1 Nf6 8. f3 e5 9. Nb3 Be6 10. Be3 Nbd7 11. g4 Be7 12. Qd2
b5 13. g5 b4 14. Ne2 Nh5 15. Ng3 Nf4 16. Bxf4 exf4 17. Nh5 O-O
18. h4 Ne5 19. Qxf4 Qc7 20. O-O-O Rfc8 21. Rh2 a5 22. Kb1 a4
23. Nd4 Bxa2+ 24. Kxa2 b3+ 25. Kb1 a3 26. cxb3 Qa5 27. Qd2 Qb6
28. Nf4 Nxf3 29. Nxf3 Qxb3 30. Nd4 Qb7 31. Nd5 Bd8 32. b4 a2+
33. Ka1 Bb6 34. Nf5 1-0

[Event "St. Louis Rapid & Blitz (Blitz)"]
[Site "St Louis, MO USA"]
[Date "2018.08.15"]
[EventDate "2018.08.14"]
[Round "15.1"]
[Result "1-0"]
[White "Maxime Vachier-Lagrave"]
[Black "Fabiano Caruana"]
[WhiteElo "2779"]
[BlackElo "2822"]
[PlyCount "87"]

1. e4 e5 2. Nf3 Nc6 3. Bb5 a6 4. Ba4 Nf6 5. O-O Be7 6. d3 b5
7. Bb3 d6 8. a3 O-O 9. Nc3 h6 10. Be3 Re8 11. a4 b4 12. Nd5
Na5 13. Ba2 Nxd5 14. Bxd5 c6 15. Ba2 c5 16. Nd2 Bg5 17. f4
exf4 18. Bxf4 Be6 19. Bxe6 Rxe6 20. Bxg5 Qxg5 21. Rf5 Qe7
22. Nf1 Re5 23. Rf2 d5 24. exd5 Rxd5 25. Qf3 Rad8 26. Ne3 Re5
27. Nf5 Re1+ 28. Rxe1 Qxe1+ 29. Rf1 Qe5 30. c3 bxc3 31. bxc3
Kh7 32. d4 cxd4 33. cxd4 Qe6 34. Qc3 Rd5 35. Ne3 Rg5 36. d5
Qe5 37. Qd3+ Kg8 38. d6 Nc6 39. d7 Qe7 40. Nf5 Qc5+ 41. Kh1
Nd8 42. Qe4 Qb6 43. Qe8+ Kh7 44. Ne7 1-0

[Event "St. Louis Rapid & Blitz (Blitz)"]
[Site "St Louis, MO USA"]
[Date "2018.08.15"]
[EventDate "2018.08.14"]
[Round "16.5"]
[Result "1/2-1/2"]
[White "Sergey Karjakin"]
[Black "Maxime Vachier-Lagrave"]
[WhiteElo "2773"]
[BlackElo "2779"]
[PlyCount "89"]

1. Nf3 c5 2. e3 Nf6 3. d4 d5 4. Nbd2 cxd4 5. exd4 Nc6 6. c3 g6
7. Bd3 Bg7 8. O-O O-O 9. Re1 Qc7 10. Nf1 Bg4 11. h3 Bxf3
12. Qxf3 e5 13. dxe5 Nxe5 14. Qd1 Nxd3 15. Qxd3 Qc6 16. Be3
Ne4 17. Bd4 Nc5 18. Qd2 Bxd4 19. Qxd4 Ne6 20. Qf6 d4 21. cxd4
Rad8 22. Rac1 Qb6 23. d5 Rxd5 24. Ne3 Rd7 25. Ng4 h5 26. Ne5
Rd6 27. Rc8 Nd8 28. Qf4 Rf6 29. Qd2 Rd6 30. Qc3 Qd4 31. Qb3
Re6 32. Rc4 Qd5 33. Rce4 Qxb3 34. axb3 Rfe8 35. f3 f5 36. R4e3
Nc6 37. f4 Nxe5 38. fxe5 Kf7 39. Kf2 Rb6 40. Kf3 Rb4 41. Rd1
Re7 42. Rd6 Re6 43. Rd7+ Re7 44. Rd6 Re6 45. Rd7+ 1/2-1/2

[Event "St. Louis Rapid & Blitz (Blitz)"]
[Site "St Louis, MO USA"]
[Date "2018.08.15"]
[EventDate "2018.08.14"]
[Round "17.2"]
[Result "1/2-1/2"]
[White "Maxime Vachier-Lagrave"]
[Black "Wesley So"]
[WhiteElo "2779"]
[BlackElo "2780"]
[PlyCount "82"]

1. e4 e5 2. Nf3 Nc6 3. Bb5 a6 4. Ba4 Nf6 5. O-O Be7 6. d3 b5
7. Bb3 d6 8. a3 O-O 9. Nc3 Na5 10. Ba2 Be6 11. b4 Bxa2
12. Rxa2 Nc6 13. Bg5 Ng4 14. Bd2 Nf6 15. Re1 Qd7 16. Qb1 Rfb8
17. Qb3 h6 18. Raa1 a5 19. Ne2 Qc8 20. Ng3 axb4 21. axb4 Rxa1
22. Rxa1 Ra8 23. Ra3 Qb7 24. Nf5 Bf8 25. c3 Rxa3 26. Qxa3 Qa7
27. Qxa7 Nxa7 28. Be3 Nc8 29. Nd2 h5 30. Bg5 Ne8 31. Nb3 g6
32. Ng3 f6 33. Be3 Kf7 34. d4 Ke6 35. f4 Kd7 36. Kf2 c6
37. Kf3 exf4 38. Bxf4 Nb6 39. Ne2 Nc7 40. Nd2 Ne6 41. Be3 d5
1/2-1/2

[Event "Sinquefield Cup"]
[Site "St Louis, MO USA"]
[Date "2018.08.18"]
[EventDate "2018.08.18"]
[Round "1.1"]
[Result "1/2-1/2"]
[White "Maxime Vachier-Lagrave"]
[Black "Magnus Carlsen"]
[WhiteElo "2779"]
[BlackElo "2842"]
[PlyCount "74"]

1. e4 c5 2. Nf3 Nc6 3. Nc3 e5 4. Bc4 g6 5. h4 h6 6. h5 g5
7. Nh2 Nf6 8. d3 d6 9. Nf1 Bg4 10. f3 Be6 11. Ne3 Bg7 12. Ncd5
O-O 13. c3 Rb8 14. a4 a6 15. g4 b5 16. axb5 axb5 17. Bb3 Ne7
18. Nxe7+ Qxe7 19. O-O Qb7 20. Bxe6 fxe6 21. c4 b4 22. b3 Nd7
23. Qe2 Rbd8 24. Nc2 Nb8 25. Be3 Nc6 26. Kg2 Rf7 27. Ra4 Rdf8
28. Bg1 Bf6 29. Rfa1 Bd8 30. Ra8 Rxf3 31. Qxf3 Rxf3 32. Kxf3
Kg7 33. Ke2 Bb6 34. R8a6 Kf7 35. Ra8 Kg7 36. R8a6 Kf7 37. Ra8
Kg7 1/2-1/2

[Event "Sinquefield Cup"]
[Site "St Louis, MO USA"]
[Date "2018.08.19"]
[EventDate "2018.08.18"]
[Round "2.4"]
[Result "1/2-1/2"]
[White "Viswanathan Anand"]
[Black "Maxime Vachier-Lagrave"]
[WhiteElo "2768"]
[BlackElo "2779"]
[PlyCount "74"]

1. e4 c5 2. Nf3 d6 3. d4 cxd4 4. Nxd4 Nf6 5. Nc3 a6 6. Bg5 e6
7. f4 h6 8. Bh4 Qb6 9. a3 Be7 10. Bf2 Qc7 11. Qf3 Nbd7
12. O-O-O b5 13. g4 Bb7 14. h4 Nc5 15. Bd3 Nxd3+ 16. Rxd3 d5
17. e5 Ne4 18. Be1 O-O-O 19. g5 hxg5 20. hxg5 Qb6 21. Nce2 Kb8
22. Qg2 g6 23. Rxh8 Rxh8 24. Bb4 Bxb4 25. axb4 a5 26. Rh3 Rc8
27. Qh2 axb4 28. Rh8 Qa7 29. Rxc8+ Kxc8 30. Kb1 Nd2+ 31. Kc1
Nf1 32. Qh8+ Kd7 33. Kb1 Nd2+ 34. Kc1 Ne4 35. Kb1 Nd2+ 36. Kc1
Ne4 37. Kb1 Nd2+ 1/2-1/2

[Event "Sinquefield Cup"]
[Site "St Louis, MO USA"]
[Date "2018.08.20"]
[EventDate "2018.08.18"]
[Round "3.3"]
[Result "1/2-1/2"]
[White "Maxime Vachier-Lagrave"]
[Black "Wesley So"]
[WhiteElo "2779"]
[BlackElo "2780"]
[PlyCount "89"]

1. e4 e5 2. Nf3 Nc6 3. Bb5 Nf6 4. O-O Nxe4 5. d4 Nd6 6. Bxc6
dxc6 7. dxe5 Nf5 8. Qxd8+ Kxd8 9. h3 Be7 10. Nc3 Nh4 11. Nxh4
Bxh4 12. Be3 h5 13. Rad1+ Ke8 14. Ne2 Be7 15. Rfe1 a6 16. Bf4
g5 17. Bh2 Rh6 18. e6 Bxe6 19. Bxc7 Rc8 20. Ba5 c5 21. Nc3 Rc6
22. Nd5 Bxd5 23. Rxd5 Rhe6 24. Kf1 Rxe1+ 25. Bxe1 Rd6 26. Rxd6
Bxd6 27. g4 hxg4 28. hxg4 c4 29. Ke2 Kd7 30. Ke3 Bc5+ 31. Ke4
Ke6 32. f3 b5 33. Ba5 f6 34. b3 cxb3 35. cxb3 Bf2 36. a4 Bc5
37. axb5 axb5 38. Bd2 Bb6 39. f4 gxf4 40. Bxf4 Bc5 41. Bd2 Bb6
42. Bf4 Bc5 43. Bd2 Bb6 44. Bf4 Bc5 45. Bd2 1/2-1/2

[Event "Sinquefield Cup"]
[Site "St Louis, MO USA"]
[Date "2018.08.21"]
[EventDate "2018.08.18"]
[Round "4.4"]
[Result "1/2-1/2"]
[White "Alexander Grischuk"]
[Black "Maxime Vachier-Lagrave"]
[WhiteElo "2766"]
[BlackElo "2779"]
[PlyCount "50"]

1. e4 c5 2. Nf3 d6 3. d4 cxd4 4. Nxd4 Nf6 5. Nc3 a6 6. Bg5 e6
7. f4 h6 8. Bh4 Qb6 9. a3 Be7 10. Bf2 Qc7 11. Qf3 Nbd7
12. O-O-O b5 13. g4 Bb7 14. h4 Nc5 15. Bd3 h5 16. g5 Ng4
17. Rhg1 Qb6 18. Kb1 b4 19. axb4 Qxb4 20. Rxg4 hxg4 21. Qxg4
Rb8 22. Na2 Qa4 23. Nc3 Qb4 24. Na2 Qa4 25. Nc3 Qb4 1/2-1/2

[Event "Sinquefield Cup"]
[Site "St Louis, MO USA"]
[Date "2018.08.22"]
[EventDate "2018.08.18"]
[Round "5.2"]
[Result "1/2-1/2"]
[White "Maxime Vachier-Lagrave"]
[Black "Fabiano Caruana"]
[WhiteElo "2779"]
[BlackElo "2822"]
[PlyCount "79"]

1. e4 e5 2. Nf3 Nf6 3. Nxe5 d6 4. Nf3 Nxe4 5. Nc3 Nxc3 6. dxc3
Be7 7. Be3 Nc6 8. Qd2 Be6 9. O-O-O Qd7 10. Kb1 Bf6 11. h4
O-O-O 12. Nd4 Nxd4 13. Bxd4 Be5 14. Be2 Qa4 15. b3 Qa5 16. f4
Bxd4 17. Qxd4 g6 18. h5 Qc5 19. Qd2 Rhe8 20. Bf3 Bf5 21. hxg6
hxg6 22. Rh7 Re7 23. g4 Bd7 24. Re1 Rxe1+ 25. Qxe1 Re8 26. Qd2
Qe3 27. Qxe3 Rxe3 28. Rh8+ Re8 29. Rxe8+ Bxe8 30. Kc1 b6
31. g5 Kd8 32. Kd2 Bd7 33. Be4 Ke7 34. Ke3 Be6 35. c4 c5
36. Kf3 Bd7 37. Ke3 Be6 38. Kf3 Bd7 39. Ke3 Be6 40. Kf3
1/2-1/2

[Event "Sinquefield Cup"]
[Site "St Louis, MO USA"]
[Date "2018.08.26"]
[EventDate "2018.08.18"]
[Round "8.3"]
[Result "1/2-1/2"]
[White "Maxime Vachier-Lagrave"]
[Black "Levon Aronian"]
[WhiteElo "2779"]
[BlackElo "2767"]
[PlyCount "82"]

1. e4 e5 2. Nf3 Nc6 3. Bb5 Nf6 4. O-O Nxe4 5. d4 Nd6 6. Bxc6
dxc6 7. dxe5 Nf5 8. Qxd8+ Kxd8 9. Rd1+ Ke8 10. Nc3 Be7 11. Ne2
Nh4 12. Nxh4 Bxh4 13. Nd4 a6 14. Bf4 c5 15. Ne2 Bf5 16. c4 Rd8
17. Nc3 Rd7 18. Be3 b6 19. Nd5 Kd8 20. g3 Be7 21. a3 Bc2
22. Rd2 Bb3 23. Rc1 a5 24. Rc3 a4 25. e6 fxe6 26. Nxe7 Kxe7
27. Bg5+ Ke8 28. Rcd3 Rxd3 29. Rxd3 Rf8 30. Rd8+ Kf7 31. Rxf8+
Kxf8 32. Bd8 Bxc4 33. Bxc7 b5 34. Bd6+ Kf7 35. Bxc5 e5 36. f3
Bd5 37. Kf2 g6 38. Bb4 Bc6 39. Bc5 Bd5 40. Bb4 Bc6 41. Bc5 Bb7
1/2-1/2

[Event "Chess Olympiad"]
[Site "Batumi GEO"]
[Date "2018.09.25"]
[EventDate "2018.09.24"]
[Round "2.3"]
[Result "0-1"]
[White "Andres Rodriguez Vila"]
[Black "Maxime Vachier-Lagrave"]
[WhiteElo "2477"]
[BlackElo "2780"]
[PlyCount "78"]

1. e4 c5 2. Nf3 d6 3. d4 cxd4 4. Nxd4 Nf6 5. Nc3 a6 6. Be3 e5
7. Nb3 Be6 8. Rg1 Ng4 9. Qd3 Be7 10. Bd2 Nxh2 11. Be2 Ng4
12. Bxg4 Bxg4 13. Nd5 Nc6 14. Qg3 h5 15. Nxe7 Nxe7 16. f3 Be6
17. Qxg7 Rg8 18. Qh6 a5 19. O-O-O a4 20. Na1 Qc7 21. a3 Qc4
22. c3 Qa2 23. Nc2 Nc6 24. Bg5 Na5 25. Rxd6 Nb3+ 26. Kd1 Qb1+
27. Bc1 Ke7 28. Rd5 Rg6 29. Qe3 Rag8 30. Rxe5 Rxg2 31. Rxg2
Rxg2 32. Ne1 Rxb2 33. Qg5+ Kd7 34. Rb5 Nxc1 35. Rd5+ Kc6
36. Rc5+ Kb6 37. Qd8+ Kxc5 38. Qc7+ Kb5 39. c4+ Ka6 0-1

[Event "Chess Olympiad"]
[Site "Batumi GEO"]
[Date "2018.09.26"]
[EventDate "2018.09.24"]
[Round "3.1"]
[Result "1-0"]
[White "Vachier-Lagrave, Maxime"]
[Black "Bilel Bellahcene"]
[WhiteElo "2780"]
[BlackElo "2501"]
[PlyCount "112"]

1. e4 c5 2. Nf3 d6 3. d4 cxd4 4. Nxd4 Nf6 5. Nc3 a6 6. Be2 e5 7. Nf3 Be7 8. Bg5
Nbd7 9. a4 h6 10. Be3 Ng4 11. Bc1 Ngf6 12. O-O Nc5 13. Nd2 O-O 14. b4 Ne6 15.
Nc4 Nxe4 16. Nxe4 d5 17. Ned2 dxc4 18. c3 Nf4 19. Nxc4 Qc7 20. Bxf4 exf4 21. a5
f3 22. Bd3 Be6 23. Nb6 fxg2 24. Re1 Rad8 25. Qf3 Bf6 26. Rac1 Rfe8 27. Kxg2 Bg5
28. Rcd1 Qf4 29. Qxf4 Bxf4 30. Bc4 Bd2 31. Rxe6 fxe6 32. Na4 Rc8 33. Bxa6 bxa6
34. Rxd2 Rc6 35. f3 Rec8 36. Kf2 Kf7 37. Rd7+ Kf6 38. Ke3 g5 39. Rh7 Ke5 40.
Rxh6 Rxc3+ 41. Nxc3 Rxc3+ 42. Kf2 Rb3 43. h4 gxh4 44. Rxh4 Kd5 45. Rh5+ Kd4 46.
Rc5 Rxb4 47. Rc6 Ra4 48. Rxa6 e5 49. Ra8 e4 50. f4 Ra2+ 51. Kg3 e3 52. f5 Ra1
53. Re8 Rxa5 54. Kf4 Rxf5+ 55. Kxf5 Kd3 56. Kf4 1-0

[Event "Chess Olympiad"]
[Site "Batumi GEO"]
[Date "2018.09.27"]
[EventDate "2018.09.24"]
[Round "4.1"]
[Result "1/2-1/2"]
[White "Quang Liem Le"]
[Black "Vachier-Lagrave, Maxime"]
[WhiteElo "2715"]
[BlackElo "2780"]
[PlyCount "62"]

1. Nf3 c5 2. c4 Nf6 3. d4 cxd4 4. Nxd4 e6 5. Nc3 d5 6. cxd5 Nxd5 7. Bd2 Bc5 8.
Nb3 Be7 9. e4 Nxc3 10. Bxc3 Qxd1+ 11. Rxd1 O-O 12. h4 Rd8 13. Rxd8+ Bxd8 14. h5
Nc6 15. Bb5 Be7 16. Bxc6 bxc6 17. Na5 c5 18. h6 g6 19. Nc6 Kf8 20. Bg7+ Ke8 21.
Nxe7 Kxe7 22. O-O Bb7 23. Rc1 Bxe4 24. Rxc5 Kd7 25. Be5 Bc6 26. b4 a6 27. Kh2 f6
28. Bxf6 Rf8 29. Bd4 Rf4 30. Be3 Rxb4 31. Rc3 1/2-1/2

[Event "Chess Olympiad"]
[Site "Batumi GEO"]
[Date "2018.10.01"]
[EventDate "2018.09.24"]
[Round "7.8"]
[Result "0-1"]
[White "Peter Leko"]
[Black "Vachier-Lagrave, Maxime"]
[WhiteElo "2690"]
[BlackElo "2780"]
[PlyCount "142"]

1. e4 c5 2. Nf3 d6 3. d4 cxd4 4. Nxd4 Nf6 5. Nc3 a6 6. f3 e5 7. Nb3 Be6 8. Be3
h5 9. Qd2 Nbd7 10. Nd5 Bxd5 11. exd5 g6 12. Be2 Bg7 13. O-O-O O-O 14. g4 a5 15.
a4 Nb6 16. gxh5 Nxh5 17. Bb5 Nf6 18. h4 Qc7 19. h5 Nxh5 20. Bh6 Nf4 21. Bxf4
exf4 22. Qxf4 Rfc8 23. Qe4 Nxa4 24. Bxa4 b5 25. Bxb5 a4 26. Nd4 a3 27. Bc6 axb2+
28. Kd2 Ra2 29. Rb1 Qa5+ 30. c3 Ra4 31. Bxa4 Qxc3+ 32. Kd1 Qc1+ 33. Ke2 Qc4+ 34.
Qd3 Qxa4 35. Nc6 Re8+ 36. Kf2 Qf4 37. Rbe1 Rxe1 38. Rxe1 Qh2+ 39. Kf1 Qh1+ 40.
Kf2 Qh2+ 41. Kf1 Bf6 42. Rd1 Bh4 43. Qd4 Bg3 44. Nb4 b1=Q 45. Rxb1 Qh1+ 46. Ke2
Qxb1 47. Nd3 Qc2+ 48. Kf1 Qd2 49. Qe4 Bh4 50. f4 Qd1+ 51. Kg2 Qg4+ 52. Kf1 Kf8
53. Qe3 Qf5 54. Qf3 g5 55. Ke2 g4 56. Qg2 Qg6 57. Qh1 Bf6 58. Ke3 Kg7 59. Qg2
Bd8 60. Qb2+ Kh7 61. Qh2+ Kg8 62. Qb2 Ba5 63. Qg2 Bb6+ 64. Ke2 g3 65. Ne1 Ba5
66. Nd3 Kf8 67. Ke3 Bb6+ 68. Kd2 Qg4 69. Kc3 Be3 70. Kc2 Bxf4 71. Ne1 Be5 0-1

[Event "Chess Olympiad"]
[Site "Batumi GEO"]
[Date "2018.10.02"]
[EventDate "2018.09.24"]
[Round "8.6"]
[Result "1/2-1/2"]
[White "Vachier-Lagrave, Maxime"]
[Black "Pavel Eljanov"]
[WhiteElo "2780"]
[BlackElo "2703"]
[PlyCount "68"]

1. e4 e5 2. Nf3 Nc6 3. Bb5 Nf6 4. d3 Bc5 5. c3 d5 6. exd5 Qxd5 7. Qb3 O-O 8. O-O
Qd6 9. Nbd2 Be6 10. Qa4 Ne7 11. Ne4 Nxe4 12. Qxe4 Ng6 13. Bc4 c6 14. Bxe6 Qxe6
15. Re1 Rad8 16. Be3 Bxe3 17. Qxe3 Qd5 18. Qxa7 Qb5 19. b3 f6 20. c4 Qb4 21. Qe3
c5 22. Rad1 Rd6 23. g3 Rfd8 24. h4 Ne7 25. h5 b6 26. Qe4 Qa5 27. Re2 Qa8 28.
Rdd2 Qc8 29. Kg2 Qf5 30. Qxf5 Nxf5 31. Ne1 Kf7 32. Rb2 Nd4 33. Re3 g6 34. hxg6+ 1/2-1/2